Geboren in Görlitz - Statistiken

Allgemein
  • Dieses Quiz wurde 36 mal gespielt
    13 seit der letzten Aktualisierung
  • Das Durchschnittsergebnis liegt bei 2 aus 7
Antwortstatistiken
Hinweis Antwort % Korrekt
Früherer Kapitän der Fußballnationalmannschaft, (Bayern, Chelsea, Leverkusen) 1976 Michael Ballack
92%
CDU-Politiker und Ministerpräsident von Sachsen seit 2017 1975 Michael Kretschmer
69%
Früherer DDR-Nationalspieler und Dynamo Dresden Spieler 1951 Hans-Jürgen Dörner
31%
Zehnkämpfer, olympischer Silbermedaillengewinner und Weltmeister 2025 2000 Leo Neugebauer
15%
Früherer Fußballnationalspieler, (Bayern, 1860, Dynamo) 1974 Jens Jeremies
8%
deutsch-amerikanischer Physiker und Nobelpreisträger 1922 Hans-Georg Dehmelt
0%
österreichisch-amerikanischer Wirtschaftswissenschaftler und Begründer der Spieltheorie 1902 Oskar Morgenstern
0%
Keine übereinstimmenden Quizze gefunden
Verteilung der Resultate
Anzahl Personen mit jedem Resultat
Perzentil nach korrekt beantworteten Fragen
Ihre Resultats-Entwicklung
Sie haben dieses Quiz seit der letzten Aktualisierung nicht gespielt